000 00741nam a22002534a 4500
001 UByD003918
003 AR-LpoUNG
005 20260109105400.0
008 250423s2013 ag a b 000 1 spa d
020 _a9789871580330
040 _aAR-LpoUNG
_bspa
_cAR-LpoUNG
_eaacr
041 0 _aspa
082 0 _a808.068 3 214pot
100 1 _aBandin Ron, César
245 1 0 _aPototo tres veces monstruo
260 _aBuenos Aires :
_bSM,
_c2017.
300 _a32 p. :
_bil. col.
505 _aSugerido a partir de 6 años (etiqueta AMARILLA).
650 4 _aNarrativa
653 0 _aLiteratura infantil
700 1 _aTurdera, Cristian
_eil.
942 _2ddc
_cLIB
999 _c66633
_d66633